Guess these footballers by their first name (HARD) - Statistics

General Stats
  • This quiz has been taken 232 times
  • The average score is 15 of 26
Answer Stats
Hint Answer % Correct
Mesut Ozil
92%
Arturo Vidal
89%
Bukayo Saka
88%
Jerome Boateng
82%
Rio Ferdinand
81%
Inaki Williams
80%
Andrea Pirlo
78%
Kalidou Koulibaly
77%
Idrissa Gueye
73%
Wissam Ben Yedder
66%
Sergej Milinkovic-Savic
64%
Franz Beckenbauer
63%
Park Ji-Sung
63%
Robbie Keane
60%
Wojciech Szczesny
55%
Julio Cesar
54%
Jonjo Shelvey
54%
Clint Dempsey
52%
Hristo Stoichkov
46%
Jean-Pierre Papin
43%
Sead Kolasinac
41%
Mike Maignan
39%
Lassina Traore
29%
Hachim Mastour
21%
Giacomo Bonaventura
17%
Balasz Dzsudzsak
8%
No matching quizzes found
Score Distribution
Percent of People with Each Score
Percentile by Number Answered
Your Score History
You have not taken this quiz